Statistiques concernant Joueur de tennis au pays

Cliquez ici pour prendre le quiz!

Statistiques générales

  • Ce quiz a été pris 1 319 fois
    (1 038 depuis la dernière actualisation)
  • Le résultat moyen est 24 sur 34

Statistiques - réponses

JoueurPays% Correct
Novak ĐokovićSerbie
97%
Rafael NadalEspagne
96%
Serena WilliamsÉtats-Unis
95%
Roger FedererSuisse
94%
Juan Martin
del Potro
Argentine
93%
Venus WilliamsÉtats-Unis
93%
Yannick NoahFrance
93%
Andy MurrayRoyaume-Uni
93%
René LacosteFrance
90%
Maria SharapovaRussie
90%
Suzanne LenglenFrance
88%
Amélie MauresmoFrance
88%
Björn BorgSuéde
88%
Kei NishikoriJapon
87%
Nick KyrgiosAustralie
85%
Angelique KerberAllemagne
81%
Simona HalepRoumanie
80%
Billie Jean KingÉtats-Unis
79%
Boris BeckerAllemagne
77%
Stefan EdbergSuéde
69%
Viktorya AzarenkaBiélorussie
67%
Arthur AsheÉtats-Unis
67%
Steffi GrafAllemagne
65%
Ivo KarlovićCroatie
65%
Anna KournikovaRussie
57%
Kim ClijstersBelgique
55%
Agnieszka RadwańskaPologne
54%
Caroline WozniackiDanemark
53%
Ivan LendlRepubliqué Tchèque
50%
Gilles MüllerLuxembourg
47%
Martina NavratilovaRepubliqué Tchèque
41%
Roy EmersonAustralie
29%
Monica SelesSerbie
17%
Martina HingisSlovaquie
16%

Distribution des résultats

Percentile par nombre de réponses

% des personnes avec chaque résultat

Votre développement - résultats

Vous n’avez pas pris ce quiz depuis la dernière actualisation